Νήσος Άνδρος : παράδοση, πολιτισμός, περιβάλλον, ανάπτυξη, κοινωνία

Αποθηκεύτηκε σε:
Λεπτομέρειες βιβλιογραφικής εγγραφής
Άλλοι συγγραφείς: Μαθά-Δεμαθά, Λίνα
Μορφή: Βιβλίο
Γλώσσα:Greek
Δημοσίευση: Αθήνα : Τυπωθήτω, [c2008]
Θέματα:
Ετικέτες: Προσθήκη ετικέτας
Δεν υπάρχουν, Καταχωρήστε ετικέτα πρώτοι!

MARC

LEADER 00000cam a2200000 i 4500
001 1/103196
008 090324s2008 gre d
022 |a 1791230X 
035 |l 10103955 
040 |a GR-MY-UA  |b gre  |e aacr 
041 0 |a gre 
082 0 |a 938.971 
245 1 0 |a Νήσος Άνδρος :  |b παράδοση, πολιτισμός, περιβάλλον, ανάπτυξη, κοινωνία /  |c κείμενα Λίνα Δεμαθά ... [κ.ά.] ; υπεύθυνη ύλης: Ειρήνη Δάγλα 
260 |a Αθήνα :   |b Τυπωθήτω,   |c [c2008] 
300 |a 204 σ.;  |c 24 εκ. 
651 0 |a Andros (Greece : Municipality)  |x History. 
700 1 |a Μαθά-Δεμαθά, Λίνα. 
852 |a INST  |b RHODES  |e 20090324  |h 938.971 ΝΗΣ  |p 005400031987  |q 005400031987  |t BK  |y 0 
901 |a BIBL4-2009-1 
909 |a Ρ  |b 157005 
970 |a ΚΟΖΑ  |b ΜΑΡΙΑ  |z 2009/03/24